| 000 | 00473nam a2200181Ia 4500 | ||
|---|---|---|---|
| 005 | 20260429112155.0 | ||
| 008 | 260429s9999||||xx |||||||||||||| ||und|| | ||
| 020 | _a9781647266974 | ||
| 041 | _aEnglish | ||
| 082 |
_a338.5 _bMUR |
||
| 100 | _aMurphy, Jade | ||
| 245 | 0 |
_aIntroductory microeconomics / _cJade Murphy |
|
| 250 | _a1st ed. | ||
| 260 |
_aNew York : _bClanrye International, _c2024. |
||
| 300 | _avii, 181 p.; pbk | ||
| 650 | _aMicroeconomics | ||
| 942 | _cTB | ||
| 999 |
_c52729 _d52729 |
||